Văn hóa lễ hội
Sách khái quát chung về văn hóa và văn hóa lễ hội, một số bài nghiên cứu liên quan đến văn hóa lễ hội ở Việt Nam.
Đã lưu trong:
| 其他作者: | |
|---|---|
| 格式: | 圖書 |
| 語言: | Vietnamese |
| 出版: |
H.
Khoa học xã hội
2016
|
| 主題: | |
| 標簽: |
添加標簽
沒有標簽, 成為第一個標記此記錄!
|
| Thư viện lưu trữ: | Thư viện Trường Đại học Nam Cần Thơ |
|---|
| LEADER | 01652nam a22002537a 4500 | ||
|---|---|---|---|
| 001 | NCT_57506 | ||
| 008 | 190113b xxu||||| |||| 00| 0 vie d | ||
| 999 | |c 2779 |d 2779 | ||
| 020 | |a 9786049026218 |c 58000 | ||
| 082 | 0 | 4 | |2 23rd ed. |a 394.269597 |b B254 |
| 245 | 0 | 0 | |a Văn hóa lễ hội |c Thanh Thùy (biên soạn) |
| 260 | |a H. |b Khoa học xã hội |c 2016 | ||
| 300 | |a 231 tr. |c 21cm | ||
| 500 | |a Thư mục cuối mỗi bài | ||
| 520 | |a Sách khái quát chung về văn hóa và văn hóa lễ hội, một số bài nghiên cứu liên quan đến văn hóa lễ hội ở Việt Nam. | ||
| 653 | |a Quản trị DV Du lịch và Lữ hành | ||
| 700 | 1 | |a Thanh Thúy |e Biên soạn | |
| 942 | |2 ddc |c BK | ||
| 952 | |0 0 |1 0 |2 ddc |4 0 |6 394_269597000000000_B254 |7 0 |9 15217 |a 000001 |b 000001 |d 2019-01-13 |o 394.269597 B254 |p MD.14163 |r 2019-01-13 |v 58000.00 |w 2019-01-13 |y BK | ||
| 952 | |0 0 |1 0 |2 ddc |4 0 |6 394_269597000000000_B254 |7 0 |9 15218 |a 000001 |b 000001 |d 2019-01-13 |l 3 |o 394.269597 B254 |p MD.14164 |r 2021-01-25 |s 2021-01-12 |v 58000.00 |w 2019-01-13 |y BK | ||
| 952 | |0 0 |1 0 |2 ddc |4 0 |6 394_269597000000000_B254 |7 0 |9 15219 |a 000001 |b 000001 |d 2019-01-13 |o 394.269597 B254 |p MD.14165 |r 2019-01-13 |v 58000.00 |w 2019-01-13 |y BK | ||
| 952 | |0 0 |1 0 |2 ddc |4 0 |6 394_269597000000000_B254 |7 0 |9 15220 |a 000001 |b 000001 |d 2019-01-13 |l 2 |o 394.269597 B254 |p MD.14166 |r 2020-06-26 |s 2020-06-11 |v 58000.00 |w 2019-01-13 |y BK | ||
| 952 | |0 0 |1 0 |2 ddc |4 0 |6 394_269597000000000_B254 |7 0 |9 15221 |a 000001 |b 000001 |d 2019-01-13 |l 1 |o 394.269597 B254 |p MD.14167 |r 2019-12-30 |s 2019-12-30 |v 58000.00 |w 2019-01-13 |y BK | ||
| 980 | |a Thư viện Trường Đại học Nam Cần Thơ | ||


